LEADER 03660nam 22006373 450 001 9911069691403321 005 20260326050045.0 010 $a958-50-0249-3 010 $a958-50-0248-5 035 $a(CKB)29402518600041 035 $a(MiAaPQ)EBC31068970 035 $a(Au-PeEL)EBL31068970 035 $a(NjHacI)9929402518600041 035 $a(FINmELB)ELB248693 035 $a(OCoLC)1414421454 035 $a(Perlego)4308009 035 $a(NyNyDIG)DIGUDROS0767 035 $a(MdBmJHUP)musev2_121017 035 $a(EXLCZ)9929402518600041 100 $a20240118d2023 uy 0 101 0 $aspa 135 $aur||||||||||| 181 $ctxt$2rdacontent 182 $cc$2rdamedia 183 $acr$2rdacarrier 200 10$aArte y Emprendimiento $ePor Nuevas Formas de Aprender 205 $a1st ed. 210 1$aBogota :$cUniversidad Colegio Mayor de Nuestra Senora del Rosario,$d2023. 210 4$d©2023. 215 $a1 online resource (260 pages) 225 1 $aAdministración Series 311 08$a958-50-0247-7 320 $aContiene bibliografi?a. 327 $aCapi?tulo 1 La innovacio?n pedago?gica: bru?jula y norte de la Universidad del Rosario -- Capi?tulo 2 El arte de emprender en la Universidad del Rosario -- Capi?tulo 3 El emprendedor: liderazgo, integridad moral y solidaridad -- Capi?tulo 4 Competencias del arte de emprender -- Capi?tulo 5 El arte en el proceso de aprender a emprender -- Capi?tulo 6 Creer para crear: aprender a emprender con emocio?n -- Capi?tulo 7 Laboratorios de experimentacio?n pedago?gica en emprendimientos -- Capi?tulo 8 Co?mo se vive el arte de emprender -- Back Matter. 330 $aArte y emprendimiento: por nuevas formas de aprender es una compilacio?n de reflexiones de la comunidad de la Universidad del Rosario, que explora la conexio?n entre el arte y el emprendimiento como estrategia pedago?gica innovadora. La obra refleja un enfoque educativo que va ma?s alla? de la transferencia de conocimientos y, en cambio, transforma aulas en laboratorios de experimentacio?n. La iniciativa "El arte de emprender" busca desarrollar personalidades emprendedoras, al combinar habilidades creativas y ejecutivas, promover una comprensio?n integral del entorno y fomentar proyectos emprendedores innovadores. Destaca la importancia de las emociones en el emprendimiento y presenta testimonios de profesores, estudiantes y emprendedores que han encontrado su propo?sito mediante la combinacio?n de estos dos saberes. Asi?, este libro se constituye en una valiosa contribucio?n al campo educativo, al mostrar co?mo el arte y el emprendimiento son capaces de potenciar la creatividad y el pensamiento cri?tico de los estudiantes, marcando un hito en la transformacio?n educativa de la Universidad del Rosario y promoviendo metodologi?as innovadoras en el futuro. 410 0$aAdministración Series 606 $aEntrepreneurship 608 $aLibros electro?nicos. 615 0$aEntrepreneurship. 676 $a658.4/21 701 $aÁvila$b Andrea$01897136 701 $aMe?ndez Romero$b Rafael Alberto$01897137 701 $aA?lvarez Suescu?n$b Ine?ride$01897138 701 $aMarti?nez$b Margarita$01848058 701 $aPa?ez Gabriunas$b Iliana$01897139 701 $aHerrera$b Wilson$01897140 701 $aArenas Amorocho$b He?ctor Jose?$01897141 701 $aSierra$b Fernando$01897142 701 $aGuzmán B$b Margarita$01897143 801 0$bMiAaPQ 801 1$bMiAaPQ 801 2$bMiAaPQ 906 $aBOOK 912 $a9911069691403321 996 $aArte y Emprendimiento$94552237 997 $aUNINA